{"text_format":"1","workbook":"xlsx","n_sheets":3,"sheets":["入力","数量重量表","設定_List"],"not_rendered":{"charts":0,"images":0,"macros":1,"external_links":0,"defined_names":2,"comments":0,"pivot_tables":0},"unopened":[],"bounds":{"document_bytes":16777216,"sheet_cells":100000,"rows_first":2000,"rows_last":500,"rows_between":2000,"halvings":0,"cell_chars":16384,"cell_head_chars":4096},"cells_cut":0,"cells_raw":0,"read":"whole","date_system":"1900"}

{"sheet":"入力","index":0,"n_rows":48,"n_cols":12,"rows_kept":48,"cut":false,"hidden":false,"merged":[[46,1,46,7],[47,1,47,7],[8,1,9,1],[8,2,9,2],[8,6,9,6],[8,7,9,7],[5,2,5,4],[2,2,2,4],[3,2,3,4],[4,2,4,4],[8,3,9,3],[8,4,9,4]]}
[]
[null,"重量計算マクロ",null,null,null,null,"Ver.20251223.1"]
[null,"説明１"]
[null,"説明２"]
[null,"販売\nレンタル"]
[null,"動力車","KS-3000"]
[]
[null,null,null,"※販売またはレンタルを選択し、動力車を選択したら更新ボタンを押してください。"]
[null,"資材区分","資材コード","品名","仕様","単位重量","数量","単位","重量"]
[null,null,null,null,null,"(kg)",null,null,"(kg)"]
[null,"動力車",409,"KS-3000(席付）","3000kg積載/45°",700,1,"台",{"$f":"IF(G11=\"\",\"\", F11 * G11)","v":700}]
[null,"台車",412,"重荷用平台車　DJ-30","3000kg積",1000,1,"台",{"$f":"IF(G12=\"\",\"\", F12 * G12)","v":1000}]
[]
[null,"レール部材",5018,"レール上下張0.8Ｐ","7.7×4.8ｍ上下張",40,21,"本",{"$f":"IF(G14=\"\",\"\", F14 * G14)","v":840}]
[null,"レール部材",5009,"レール上下張0.8Ｐ","2.4m(上下）",20,null,"本",""]
[null,"レール部材",5009,"レール上下張0.8Ｐ","1.6m(上下）",10,null,"本",""]
[null,"レール部材",5009,"レール継手","M16",0.9,21,"個",18.900000000000002]
[null,"レール部材",null,"継手ボルト",null,0.2,21,"個",4.2]
[null,"レール部材",null,"ホルダー",null,1.2,86,"個",103.2,null,null,2]
[null,"レール部材",null,"ホルダーボルト",null,0.3,86,"個",25.8]
[null,"レール部材",null,"角沈下","200×200",1.4,86,"個",120.39999999999999]
[null,"レール部材",null,"角沈下","250×250",2.1,null,"個",""]
[null,"レール部材",null,"角沈下","300×300",2.8,null,"個",""]
[null,"レール部材",null,"沈下カラー",null,0.6,86,"個",51.6]
[null,"レール部材",null,"ストッパー",null,0.6,4,"個",2.4]
[null,"レール部材",null,"支柱パイプ　２５A","1.0ｍ",3.4,50,"ｍ",170]
[null,"レール部材",null,"支柱パイプ　２５A","1.5ｍ",5.0999999999999996,60,"ｍ",306]
[null,"レール部材",null,"支柱パイプ　２５A","2.0ｍ",6.8,20,"ｍ",136]
[null,"レール部材",null,"支柱パイプ　２５A","2.5ｍ",8.5,10,"ｍ",85]
[null,"レール部材",null,"支柱パイプ　２５A","3.0ｍ",10.199999999999999,null,"ｍ",""]
[null,"レール部材",null,"支柱パイプ　２５A","3.5ｍ",11.9,null,"ｍ",""]
[null,"レール部材",null,"支柱パイプ　２５A","4.0ｍ",13.6,null,"ｍ",""]
[null,"レール部材",null,"支柱パイプ　２５A","4.5ｍ",15.3,null,"ｍ",""]
[null,"レール部材",null,"異形クランプ","φ25*48.6",null,null,"個",""]
[null,"レール部材",null,"支持台クランプ",null,0.4,null,"個",""]
[null,"レール部材",null,"開閉",null,null,null,"個",""]
[null,"レール部材",null,"飛出防止板",null,8,2,"個",16]
[null,"レール部材",null,"支持台","特三条",10,42,"台",420]
[null,"レール部材",null,"補助レール","32A×4.8ｍ",15,42,"本",630]
[null,"レール部材",null,"補助レール継手",null,0.3,42,"個",12.6]
[null,"レール部材",null,"補助レール支持金具",null,2,84,"個",168]
[null,"レール部材",null,null,null,null,null,null,""]
[null,"レール部材",null,null,null,null,null,null,""]
[null,"レール部材",null,null,null,null,null,null,""]
[null,"レール部材",null,null,null,null,null,null,""]
[null,"レール部材",null,null,null,null,null,null,""]
[null,"レール部材計",null,null,null,null,null,null,{"$f":"SUMIF(B14:B46, \"レール部材\", I14:I46)","v":3110.1}]
[null,"重量合計",null,null,null,null,null,null,{"$f":"SUM(I11:I46)","v":4810.1000000000004}]

{"sheet":"数量重量表","index":1,"n_rows":32,"n_cols":8,"rows_kept":32,"cut":false,"hidden":false,"merged":[[29,0,29,6],[28,0,28,6],[7,0,8,0],[7,1,8,1],[5,1,5,7],[7,2,8,2],[7,3,8,3],[7,5,8,5],[7,6,8,6]]}
["【レンタル】"]
[]
["KS-3000"]
[]
[]
[null,"資 材 重 量 ・ 数 量 表"]
[]
["資材区分","資材コード","品名","仕様","単位重量","数量","単位","重量"]
[null,null,null,null,"(kg)",null,null,"(kg)"]
["動力車",409,"KS-3000(席付）","3000kg積載/45°",700,1,"台",700]
["台車",412,"重荷用平台車　DJ-30","3000kg積",1000,1,"台",1000]
["レール部材",5018,"レール上下張0.8Ｐ","7.7×4.8ｍ上下張",40,21,"本",840]
["レール部材",5009,"レール継手","M16",0.9,21,"個",18.900000000000002]
["レール部材",null,"継手ボルト",null,0.2,21,"個",4.2]
["レール部材",null,"ホルダー",null,1.2,86,"個",103.2]
["レール部材",null,"ホルダーボルト",null,0.3,86,"個",25.8]
["レール部材",null,"角沈下","200×200",1.4,86,"個",120.39999999999999]
["レール部材",null,"沈下カラー",null,0.6,86,"個",51.6]
["レール部材",null,"ストッパー",null,0.6,4,"個",2.4]
["レール部材",null,"支柱パイプ　２５A","1.0ｍ",3.4,50,"ｍ",170]
["レール部材",null,"支柱パイプ　２５A","1.5ｍ",5.0999999999999996,60,"ｍ",306]
["レール部材",null,"支柱パイプ　２５A","2.0ｍ",6.8,20,"ｍ",136]
["レール部材",null,"支柱パイプ　２５A","2.5ｍ",8.5,10,"ｍ",85]
["レール部材",null,"飛出防止板",null,8,2,"個",16]
["レール部材",null,"支持台","特三条",10,42,"台",420]
["レール部材",null,"補助レール","32A×4.8ｍ",15,42,"本",630]
["レール部材",null,"補助レール継手",null,0.3,42,"個",12.6]
["レール部材",null,"補助レール支持金具",null,2,84,"個",168]
["レール部材計",null,null,null,null,null,null,3110.1]
["重量合計",null,null,null,null,null,null,4810.1000000000004]
[null,null,null,"※資材内訳数は、標準セット数となっております。"]
[null,null,null,"※現場状況により、資材の数には変動があります。"]

{"sheet":"設定_List","index":2,"n_rows":6,"n_cols":2,"rows_kept":6,"cut":false,"hidden":true,"merged":[]}
["KS-1500",20251223.100000001]
["KS-2000"]
["KS-3000"]
["KS-3000Z"]
["KS-4000"]
["KS-500"]